<?xml version="1.0" encoding="UTF-8"?>
<record
    xmlns:xsi="http://www.w3.org/2001/XMLSchema-instance"
    xsi:schemaLocation="http://www.loc.gov/MARC21/slim http://www.loc.gov/standards/marcxml/schema/MARC21slim.xsd"
    xmlns="http://www.loc.gov/MARC21/slim">

  <leader>01120nam a22001937a 4500</leader>
  <datafield tag="999" ind1=" " ind2=" ">
    <subfield code="c">145952</subfield>
    <subfield code="d">145952</subfield>
  </datafield>
  <controlfield tag="005">20181006154316.0</controlfield>
  <datafield tag="010" ind1=" " ind2=" ">
    <subfield code="a">17-18HN-4.8.17        B-704127-133</subfield>
  </datafield>
  <datafield tag="020" ind1=" " ind2=" ">
    <subfield code="c">395.00</subfield>
    <subfield code="a">9789383278428</subfield>
  </datafield>
  <datafield tag="035" ind1=" " ind2=" ">
    <subfield code="a">B-704127-133</subfield>
  </datafield>
  <datafield tag="037" ind1=" " ind2=" ">
    <subfield code="b">&#x92C;&#x941;&#x915; &#x91F;&#x94D;&#x930;&#x940; &#x92A;&#x92C;&#x94D;&#x932;&#x93F;&#x936;&#x93F;&#x902;&#x917; &#x939;&#x93E;&#x909;&#x938;</subfield>
  </datafield>
  <datafield tag="082" ind1=" " ind2=" ">
    <subfield code="a">&#x915;</subfield>
  </datafield>
  <datafield tag="100" ind1=" " ind2=" ">
    <subfield code="a">&#x930;&#x93E;&#x92E;&#x92A;&#x93E;&#x932; &#x938;&#x93F;&#x902;&#x939;</subfield>
  </datafield>
  <datafield tag="245" ind1=" " ind2=" ">
    <subfield code="a">&#x92C;&#x94D;&#x930;&#x93F;&#x91F;&#x93F;&#x936; &#x907;&#x902;&#x921;&#x93F;&#x92F;&#x928; &#x906;&#x930;&#x94D;&#x92E;&#x940; &#x915;&#x940; &#x905;&#x928;&#x915;&#x939;&#x940; &#x915;&#x939;&#x93E;&#x928;&#x93F;&#x92F;&#x93E;&#x901; /</subfield>
    <subfield code="c">&#x930;&#x93E;&#x92E;&#x92A;&#x93E;&#x932; &#x938;&#x93F;&#x902;&#x939;</subfield>
  </datafield>
  <datafield tag="260" ind1=" " ind2=" ">
    <subfield code="a">&#x926;&#x93F;&#x932;&#x94D;&#x932;&#x940;</subfield>
    <subfield code="b">&#x92C;&#x941;&#x915; &#x91F;&#x94D;&#x930;&#x940; &#x92A;&#x92C;&#x94D;&#x932;&#x93F;&#x936;&#x93F;&#x902;&#x917; &#x939;&#x93E;&#x909;&#x938;</subfield>
    <subfield code="c">2018</subfield>
  </datafield>
  <datafield tag="270" ind1=" " ind2=" ">
    <subfield code="b">&#x926;&#x93F;&#x932;&#x94D;&#x932;&#x940;</subfield>
    <subfield code="a">&#x905;&#x93E;&#x924;&#x94D;&#x92E;&#x93E;&#x930;&#x93E;&#x92E; &#x92C;&#x93F;&#x932;&#x94D;&#x921;&#x93F;&#x902;&#x917;, &#x907;&#x902;&#x921;&#x93F;&#x92F;&#x928; &#x92C;&#x948;&#x902;&#x915; &#x915;&#x947; &#x92A;&#x940;&#x91B;&#x947;, 1376, &#x915;&#x936;&#x94D;&#x92E;&#x940;&#x930;&#x940; &#x917;&#x947;&#x91F;, </subfield>
    <subfield code="e">110006</subfield>
  </datafield>
  <datafield tag="300" ind1=" " ind2=" ">
    <subfield code="a">176&#x92A;&#x943;.</subfield>
    <subfield code="c">22 &#x938;&#x947;&#x92E;&#x940;. (&#x938;&#x91C;&#x93F;&#x932;&#x94D;&#x926;)</subfield>
  </datafield>
  <datafield tag="942" ind1=" " ind2=" ">
    <subfield code="2">ddc</subfield>
    <subfield code="c">HN</subfield>
    <subfield code="h">&#x915;</subfield>
    <subfield code="m">&#x930;&#x93E;&#x92E;&#x92A;&#x93E;</subfield>
  </datafield>
  <datafield tag="952" ind1=" " ind2=" ">
    <subfield code="0">0</subfield>
    <subfield code="1">0</subfield>
    <subfield code="4">0</subfield>
    <subfield code="7">0</subfield>
    <subfield code="8">FIC</subfield>
    <subfield code="a">L</subfield>
    <subfield code="b">L</subfield>
    <subfield code="d">2018-10-06</subfield>
    <subfield code="e">BKT/02/18/15-05-18/221/01-05-18/23-08-18</subfield>
    <subfield code="g">395.00</subfield>
    <subfield code="l">8</subfield>
    <subfield code="m">3</subfield>
    <subfield code="o">&#x915; &#x930;&#x93E;&#x92E;&#x92A;&#x93E;</subfield>
    <subfield code="p">B-704127</subfield>
    <subfield code="r">2022-03-09 00:00:00</subfield>
    <subfield code="s">2022-02-23</subfield>
    <subfield code="t">1</subfield>
    <subfield code="v">395.00</subfield>
    <subfield code="w">2018-10-06</subfield>
    <subfield code="y">HN</subfield>
  </datafield>
  <datafield tag="952" ind1=" " ind2=" ">
    <subfield code="0">0</subfield>
    <subfield code="1">0</subfield>
    <subfield code="4">0</subfield>
    <subfield code="7">0</subfield>
    <subfield code="8">FIC</subfield>
    <subfield code="a">M</subfield>
    <subfield code="b">M</subfield>
    <subfield code="d">2018-10-06</subfield>
    <subfield code="e">BKT/02/18/15-05-18/221/01-05-18/23-08-18</subfield>
    <subfield code="g">395.00</subfield>
    <subfield code="l">0</subfield>
    <subfield code="o">&#x915; &#x930;&#x93E;&#x92E;&#x92A;&#x93E;</subfield>
    <subfield code="p">B-704128</subfield>
    <subfield code="r">2018-10-06 00:00:00</subfield>
    <subfield code="t">4</subfield>
    <subfield code="v">395.00</subfield>
    <subfield code="y">HN</subfield>
  </datafield>
  <datafield tag="952" ind1=" " ind2=" ">
    <subfield code="0">0</subfield>
    <subfield code="1">0</subfield>
    <subfield code="4">0</subfield>
    <subfield code="7">0</subfield>
    <subfield code="8">FIC</subfield>
    <subfield code="a">M</subfield>
    <subfield code="b">M</subfield>
    <subfield code="d">2018-10-06</subfield>
    <subfield code="e">BKT/02/18/15-05-18/221/01-05-18/23-08-18</subfield>
    <subfield code="g">395.00</subfield>
    <subfield code="l">0</subfield>
    <subfield code="o">&#x915; &#x930;&#x93E;&#x92E;&#x92A;&#x93E;</subfield>
    <subfield code="p">B-704129</subfield>
    <subfield code="r">2018-10-06 00:00:00</subfield>
    <subfield code="t">4</subfield>
    <subfield code="v">395.00</subfield>
    <subfield code="y">HN</subfield>
  </datafield>
  <datafield tag="952" ind1=" " ind2=" ">
    <subfield code="0">0</subfield>
    <subfield code="1">0</subfield>
    <subfield code="4">0</subfield>
    <subfield code="7">0</subfield>
    <subfield code="8">FIC</subfield>
    <subfield code="a">M</subfield>
    <subfield code="b">M</subfield>
    <subfield code="d">2018-10-06</subfield>
    <subfield code="e">BKT/02/18/15-05-18/221/01-05-18/23-08-18</subfield>
    <subfield code="g">395.00</subfield>
    <subfield code="l">0</subfield>
    <subfield code="o">&#x915; &#x930;&#x93E;&#x92E;&#x92A;&#x93E;</subfield>
    <subfield code="p">B-704130</subfield>
    <subfield code="r">2018-10-06 00:00:00</subfield>
    <subfield code="t">4</subfield>
    <subfield code="v">395.00</subfield>
    <subfield code="y">HN</subfield>
  </datafield>
  <datafield tag="952" ind1=" " ind2=" ">
    <subfield code="0">0</subfield>
    <subfield code="1">0</subfield>
    <subfield code="4">0</subfield>
    <subfield code="7">0</subfield>
    <subfield code="8">FIC</subfield>
    <subfield code="a">M</subfield>
    <subfield code="b">M</subfield>
    <subfield code="d">2018-10-06</subfield>
    <subfield code="e">BKT/02/18/15-05-18/221/01-05-18/23-08-18</subfield>
    <subfield code="g">395.00</subfield>
    <subfield code="l">0</subfield>
    <subfield code="o">&#x915; &#x930;&#x93E;&#x92E;&#x92A;&#x93E;</subfield>
    <subfield code="p">B-704131</subfield>
    <subfield code="r">2018-10-06 00:00:00</subfield>
    <subfield code="t">4</subfield>
    <subfield code="v">395.00</subfield>
    <subfield code="y">HN</subfield>
  </datafield>
  <datafield tag="952" ind1=" " ind2=" ">
    <subfield code="0">0</subfield>
    <subfield code="1">0</subfield>
    <subfield code="4">0</subfield>
    <subfield code="7">0</subfield>
    <subfield code="8">FIC</subfield>
    <subfield code="a">NPL</subfield>
    <subfield code="b">NPL</subfield>
    <subfield code="d">2018-10-06</subfield>
    <subfield code="e">BKT/02/18/15-05-18/221/01-05-18/23-08-18</subfield>
    <subfield code="g">395.00</subfield>
    <subfield code="l">0</subfield>
    <subfield code="o">&#x915; &#x930;&#x93E;&#x92E;&#x92A;&#x93E;</subfield>
    <subfield code="p">B-704132</subfield>
    <subfield code="r">2018-10-06 00:00:00</subfield>
    <subfield code="t">1</subfield>
    <subfield code="v">395.00</subfield>
    <subfield code="y">HN</subfield>
  </datafield>
  <datafield tag="952" ind1=" " ind2=" ">
    <subfield code="0">0</subfield>
    <subfield code="1">0</subfield>
    <subfield code="4">0</subfield>
    <subfield code="7">0</subfield>
    <subfield code="8">FIC</subfield>
    <subfield code="a">AV</subfield>
    <subfield code="b">AV</subfield>
    <subfield code="d">2018-10-06</subfield>
    <subfield code="e">BKT/02/18/15-05-18/221/01-05-18/23-08-18</subfield>
    <subfield code="g">395.00</subfield>
    <subfield code="l">2</subfield>
    <subfield code="o">&#x915; &#x930;&#x93E;&#x92E;&#x92A;&#x93E;</subfield>
    <subfield code="p">B-704133</subfield>
    <subfield code="r">2024-09-21 00:00:00</subfield>
    <subfield code="s">2024-09-02</subfield>
    <subfield code="t">1</subfield>
    <subfield code="v">395.00</subfield>
    <subfield code="y">HN</subfield>
  </datafield>
</record>
